000 00761nam a2200205Ia 4500
001 10280
003 GE_BSU
008 181216s||||||||xx |||||||||||||| ||und||
040 _cGE_BSU
080 _a821.353.1.09+821.353.1-92
100 _aსამსონია,ალექსანდრე
245 _aდრამატურგების ქალაქი.წერილები
245 _cრედ.ზ.ფირცხალაიშვილი,მხატვ.გუჯაბიძე
260 _aბათუმი
260 _bსაბჭოთა აჭარა
260 _c1989
300 _a170გვ.20სმ.
653 _aდრამატურგების ქალაქი.წერილები
942 _cBK
999 _c43549
_d43549